| 000 | 02542cam a22005174i 4500 | ||
|---|---|---|---|
| 003 | PE-LiUPU | ||
| 005 | 20250731173510.0 | ||
| 008 | 150617s1983 sp r 000 0 spa d | ||
| 020 | _a8472287793 | ||
| 035 | _a(Sirsi) i9788472287792 | ||
| 040 |
_aPE-LiUPU _bspa _cPE-LiUPU _erda |
||
| 049 | _aPRUA | ||
| 082 | 0 | 4 |
_a158.02 _bC72 _221 |
| 100 | 1 |
_aCollins, Gary R., _eautor. |
|
| 245 | 1 | 0 |
_aManual de psicología cristiana / _cGary R. Colins. |
| 264 | 1 |
_aBarcelona : _bEdición Clie, _c1983. |
|
| 300 |
_a216 páginas ; _c18 centímetros |
||
| 336 |
_atext _2rdacontent |
||
| 337 |
_aunmediated _2rdamedia |
||
| 338 |
_avolume _2rdacarrier |
||
| 505 | 0 | _aLa psicología en un dilema -- La psicología en el laboratorio -- La psicología en el consultorio -- La psicología en la perspectiva humanista -- La psicología en sus bases ideológicas -- La psicología en conflicto con la religión -- La psicología en una dimensión vertical -- La psicología sobre nuevos fundamentos -- La psicología en el futuro -- La psicología en la terapia del discípulo. | |
| 526 | _aSEG42 | ||
| 526 | _aSEG41 | ||
| 526 | _aSEG40 | ||
| 526 | _aSEG39 | ||
| 526 | _aP94 | ||
| 526 | _aP87 | ||
| 526 | _aP86 | ||
| 526 | _aP85 | ||
| 526 | _aP77 | ||
| 526 | _aP76 | ||
| 526 | _aP35 | ||
| 650 | 0 | 4 | _aPsicología religiosa. |
| 910 |
_ajck _bjvq _cjck _d20150616 |
||
| 942 |
_2ddc _cBOOK |
||
| 949 |
_a158.02 C72 _wDEWEY _c1 _i35102 _lDISCARD _mBUL _r0 _sY _tBOOK _u2015-6-17 _xBIBLIOTECA _zUNKNOWN _0COMPRA _o.STAFF. Colección general |
||
| 949 |
_a158.02 C72 _wDEWEY _c2 _i25944 _d2016-9-11 _e2016-9-8 _lCCODEBUL1 _mBUL _n1 _r0 _sY _tBOOK _u2015-6-17 _xSALUD _zUNKNOWN _0COMPRA _o.STAFF. Colección general |
||
| 949 |
_a233.50158 C72 1990 _wDEWEY _c1 _i41002 _d2015-11-10 _e2015-11-9 _lCCODEBUL1 _mBUL _n1 _r0 _sY _tBOOK _u2015-6-16 _xTEOLOGIA _zUNKNOWN _0COMPRA _o.STAFF. Colección General |
||
| 994 |
_aC0 _bPEPRU |
||
| 596 | _a1 | ||
| 999 |
_a233.50158 C72 1990 _wDEWEY _c58703 _i41002 _d58703 _e2015-11-9 _f2021-11-11 _g5 _lCCODEBUL1 _mBUL _n1 _p22.00 _r0 _sY _tBOOK _u2015-6-16 _xTEOLOGIA _PP35 _0COMPRA _o.STAFF. Colección Teología |
||
| 999 |
_a158.02 C72 _wDEWEY _c1 _i35102 _lDISCARD _mBUL _r0 _sY _tBOOK _u2015-6-17 _xBIBLIOTECA _zUNKNOWN _0COMPRA _o.STAFF. Colección general |
||
| 999 |
_a158.02 C72 _wDEWEY _c2 _i25944 _d2018-6-28 _e2018-6-20 _f2019-12-10 _g4 _lDISCARD _mBUL _n9 _q2 _r1 _sY _tBOOK _u2015-6-17 _xSALUD _zUNKNOWN _0COMPRA _o.STAFF. Colección general |
||
| 980 |
_81 _gALBERTO SANCHEZ Responsable de Automatización |
||